1756 1536 1795 1995 1855 1576 1477 1222 1681 1218 1879 1630 1043 1499 1215 1368 1900 1294 1295 1612 1363 1542 1755 1921 1653 1710 1482 1759 1923 1822 1754 1108 1094 1347 1693 1541 1146 1897 1847 1336 1955 1031 1386 1963 1048 1447 1974 1456 1960 1458 1762 1709 1081 1810 1422 1429 1191 1814 1251 1887 1560 1102 1889 1602 1361 1500 1058 1031 1814 1069 1987 1613 1959 1755 1203 1509 1974 1297 1170 1711 1959 1655 1420 1158 1528 1470 1725 1692 1510 1893 1087 1476 1013 1924 1672 1716 1847 1648 1057 BCNSPRNW ULIB Ver.6.0+V

เปลี่ยนเป็นภาษาไทย

Change to English
 แสดงรายละเอียดบรรณานุกรม
  กลับหน้าหลัก

Brief Record : Get Marc (ISO 2709) : E-mail record : QR code < ปิดหน้าต่าง
LEADER : 00000nam 2200000uu 4500
001    13399122414
003     ULIB
008    130418s||||||||th 000 0 tha d
020    ^a9786110600880
090    ^aนว.^bค181 2552
100 0  ^aรวมนักเขียน
245 00 ^aความรู้สึกดีที่เรียกว่ารัก : เข็นความรักของฉันมาให้ ส่งถึงหน้าประตูหัวใจของเธอ/^cรวมนักเขียน
250    ^aพิมพ์ครั้งที่ 2
260    ^aกรุงเทพฯ :^bแจ่มใส,^c2552
300    ^a239 หน้า
710 1  ^aแจ่มใส
945    ^p149^l0^i026032
995    ^aกัณชพร
999 ^a ใช้งานได้ทุกระบบ
รายการนี้ยังไม่มีแท็ก
คุณยังไม่ได้ล็อกอิน คุณสามารถมีกิจกรรมร่วมกับเว็บไซต์ได้ แต่ต้องล็อกอินก่อน ::
  ล็อกอิน

รายการสื่อสารสนเทศ

ลำดับที่ ประเภท เลขเรียก/บาร์โค้ด สถานที่ สถานะ
1. นวนิยาย
นวนิยาย
นว. ค181 2552  
  Barcode: 026032
ห้องสมุดวิทยาเขตสวรรค์ประชารักษ์
►นวนิยาย
บนชั้น
  ขอยืม

รายการใกล้เคียง
    ผู้แต่ง [รวมนักเขียน]

BibComment


ยังไม่เคยถูกคอมเมนท์

คอมเมนท์ทรัพยากรรายการนี้
  คอมเมนท์: ความรู้สึกดีที่เ..


 Copyright 2026. Bcnsprnw @Library